000 00568 a2200193 4500
001 62248
005 20260407155916.0
008 260407a1967 arg spa d
003 AR-UNSa-BCEJYS
040 _aAR-UNSa-BCEJYS
_bspa
_cAR-UNSa-BCEJYS
080 _a34(47)
_xDerecho SoviƩtico (URSS)
245 1 0 _aJusticia en la U.R.S.S.
_pUna interpretación del derecho sovietico
264 1 _aBarcelona :
_bEdiciones Ariel
_c1967
300 _a480 p.
_c22 cm.
041 _aspa
942 _cBK
590 _aniveau_biblio:m niveau_hierar:0
100 1 _aBerman, Harold J.
999 _c7627
_d7627